Никитенко С.

Доступно только в Электронных читальных залах Найти на картеНа карте
RUSMARC
00003854nac2a22002891x 450
001e1a43277-66f7-443e-9edd-f0093bb230b3
00520131226141242.0
100##$a20130529l18931897k y0rusy50 ca
1010#$arus
102##$aRU
105##$ay z |||||
1222#$ad18930302
$ad18970216
2001#$aНикитенко С.
$j2 марта 1893 - 16 февраля 1897
215##$a12 листов
251##$cДело
300##$aЗаголовок дела на папке: Письма Никитенко С. Кони А. Ф.
300##$a7 писем
300##$aРукописный текст
330##$aПереписка А. Ф. Кони; Письма к А. Ф. Кони
461#0$10013a54f2e3-e9cf-409b-80fa-f0a9bd3c40cb
$12001
$aКони Анатолий Федорович, юрист, литератор, член академии наук, председатель Санкт-Петербургского окружного суда, член государственного совета
$1251
$cФонд
$1852
$j564
462#0$100178a475cd-a47d-4377-bff3-cee4b81de655
$12001
$aОпись дел фонда А. Ф. Кони за 1880-1931 гг.
$1251
$cОпись
$1852
$j1
517##$aПисьма Никитенко С. Кони А. Ф.
600#1$aКони
$bА. Ф.
$f1844-1927
$gАнатолий Федорович
600#1$aНикитенко
$bС.
801#0$aRU
$bGA_RF
801#1$aRU
$bНПО Опыт
$c20130529
$2rusmarc
801#2$aRU
$bПБ им. Б.Н. Ельцина
$c20131226
$gRCR
$2rusmarc
852##$aГА РФ
$j2704
937##$d42541464
$hПБ
035##$aRuPRLIB51003485
Формат отображения